| 000 | 00753nam a22002297a 4500 | ||
|---|---|---|---|
| 999 |
_c14947 _d14947 |
||
| 003 | AR-CdUCM | ||
| 008 | 190425b ||||| |||| 00| 0 spa d | ||
| 020 | _a978-612-309-035-7 | ||
| 040 |
_aMUNICIPALIDAD PROVINCIAL DEL CUSCO _cBIBLIOTECA MUNICIPAL DEL CUSCO |
||
| 082 |
_22ed. _aEP / 808.06 / _bSA26 |
||
| 100 |
_aSaric, Zinka _929304 |
||
| 245 |
_aAinhoa : _bLa estrella que viene del norte / |
||
| 260 |
_aLima : _bSantillana, _c2013. |
||
| 300 |
_a85 páginas ; _bilustraciones, _c22 cm. |
||
| 440 |
_aAlfaguara. _933932 |
||
| 650 |
_aLiteratura infantil _9588 |
||
| 650 |
_aCuentos infantiles _93927 |
||
| 650 |
_aSiglo XXI _92856 |
||
| 700 |
_aHerrera-Quiñónez, Elsa (ilustración) _933933 |
||
| 942 |
_2ddc _cLIBROS |
||
| 945 |
_aachl _d2019-04-25 |
||